000 00410nam a22001697a 4500
003 NUST - PNEC
005 20170116180912.0
008 150903b xxu||||| |||| 00| 0 eng d
020 _a-
040 _cLIBRARY
082 _a620.112 RYD
100 _97141
_aRyder, G. H.
245 _aStrength of material
_cG.H. Ryder
250 _a3rr ed.
650 _97132
_aStrength of materials
_yME
942 _2ddc
_cBK
999 _c65308
_d65308